<Le> Magazine - education and culture in Europe <the> Europe of knowledge

Saved in:
Bibliographic Details
Format: Book
Language:English
Published: Brussel European Commission 2002
Subjects:
Tags: Add Tag
No Tags, Be the first to tag this record!

MARC

LEADER 00000nam a2200000 4500
001 c142957
005 20221124092425.7
022 |a 1023-3725 
041 0 |a eng 
044 |a BE 
245 1 0 |a <Le> Magazine - education and culture in Europe  |b <the> Europe of knowledge 
264 1 |a Brussel  |b European Commission  |c 2002 
300 |a [22 s.] 
610 2 0 |a vzdelanie 
610 2 0 |a kultúra 
610 2 0 |a vzdelávanie 
610 2 0 |a technológie informačné 
610 2 0 |a technológie komunikačné 
610 2 0 |a zručnosti 
610 2 0 |a multimédiá 
610 2 0 |a partnerstvo sociálne 
610 2 0 |a porovnanie medzinárodné 
610 2 0 |a informácie 
610 2 0 |a Európa